Placez les pays africains sur une carte - Statistiques

Statistiques générales
  • Ce quiz a été pris 1 221 fois
  • Le résultat moyen est 22 sur 54
Réponses sur la Carte
Les réponses sont colorées sur une échelle allant du rouge au vert en fonction du pourcentage des utilisateurs qui les ont devinées à leur premier essai. Vous pouvez retrouver ces pourcentages ci-dessous.
 
Statistiques - réponses
Réponse % Correct
Afrique du sud
97%
Algérie
92%
Angola
78%
Bénin
73%
Botswana
69%
Burkina Faso
67%
Cap-vert
65%
Burundi
63%
Cameroun
63%
Égypte
48%
Comores
46%
Madagascar
42%
Érythrée
41%
Ethiopie
41%
Maroc
41%
Libye
39%
Djibouti
38%
Eswatini
38%
République démocratique du Congo
38%
Tunisie
38%
Côte d'ivoire
36%
Gambie
35%
Lesotho
35%
Mali
35%
Soudan
35%
Mauritanie
34%
Somalie
34%
Soudan du Sud
34%
Guinée
33%
Niger
32%
Nigeria
32%
Sénégal
32%
Gabon
31%
Ghana
31%
Mozambique
31%
Namibie
31%
São Tomé-et-Principe
31%
Seychelles
31%
Tchad
31%
Guinée équatoriale
30%
Kenya
30%
Tanzanie
30%
Île Maurice
29%
Malawi
29%
République centrafricaine
29%
Togo
29%
Ouganda
28%
Liberia
27%
République du Congo
27%
Rwanda
26%
Sierra Leone
26%
Zambie
26%
Zimbabwe
25%
Guinée-Bissau
18%
Aucun quiz correspondant
Distribution des résultats
% des personnes avec chaque résultat
Percentile par nombre de réponses
Votre historique - résultats
Vous n’avez pas pris ce quiz